00523nam a2200181Ia 450000500170000000800410001704000190005804100120007708200190008924500620010826000480017030000200021850400340023865000190027265100180029170000220030985000100033120230113094822.0131103s9999 xx 000 0 und d aLoreto College aEnglish a821.4bMIL-WAU 4aThe poetical works of John Miltoncedited by Arthur Waugh aLondonbCollins Clear - Type Pressc[19 -?] ax,596 p.b ill. aIncludes index of first lines aEnglish Poetry aParadise Lost aWaugh,Aurthur,ed. aLCLIB